| 000 -LEADER |
| fixed length control field |
01275nam a22003857a 4500 |
| 001 - CONTROL NUMBER |
| control field |
15117079 |
| 003 - CONTROL NUMBER IDENTIFIER |
| control field |
OSt |
| 005 - DATE AND TIME OF LATEST TRANSACTION |
| control field |
20210421080154.0 |
| 008 - FIXED-LENGTH DATA ELEMENTS--GENERAL INFORMATION |
| fixed length control field |
831222s1983 nyu 000 1 eng d |
| 010 ## - LIBRARY OF CONGRESS CONTROL NUMBER |
| LC control number |
2007586425 |
| 020 ## - INTERNATIONAL STANDARD BOOK NUMBER |
| International Standard Book Number |
0425062449 |
| 020 ## - INTERNATIONAL STANDARD BOOK NUMBER |
| International Standard Book Number |
9780425062449 |
| 035 ## - SYSTEM CONTROL NUMBER |
| System control number |
(OCoLC)ocm10244895 |
| 035 ## - SYSTEM CONTROL NUMBER |
| System control number |
(OCoLC)10244895 |
| 040 ## - CATALOGING SOURCE |
| Original cataloging agency |
FTL |
| Transcribing agency |
FTL |
| Modifying agency |
OCLCQ |
| -- |
BTCTA |
| -- |
DLC |
| Language of cataloging |
eng |
| 041 ## - LANGUAGE CODE |
| Language code of text/sound track or separate title |
eng |
| 042 ## - AUTHENTICATION CODE |
| Authentication code |
lccopycat |
| 050 00 - LIBRARY OF CONGRESS CALL NUMBER |
| Classification number |
CPB Box no. 2635 vol. 19 |
| 080 ## - UNIVERSAL DECIMAL CLASSIFICATION NUMBER |
| Universal Decimal Classification number |
821.111 |
| Item number |
S-68 |
| 100 1# - MAIN ENTRY--PERSONAL NAME |
| Personal name |
Smith, E. E. |
| Fuller form of name |
(Edward Elmer), |
| Dates associated with a name |
1890-1965. |
| 245 10 - TITLE STATEMENT |
| Title |
Subspace encounter / |
| Statement of responsibility, etc. |
E.E. "Doc" Smith ; edited and with an introduction by Lloyd Arthur Eshbach. |
| Remainder of title |
/ by: Berkley Books |
| 250 ## - EDITION STATEMENT |
| Edition statement |
Berkley ed. |
| 260 ## - PUBLICATION, DISTRIBUTION, ETC. |
| Place of publication, distribution, etc. |
New York |
| Name of publisher, distributor, etc. |
Berkley Books |
| Date of publication, distribution, etc. |
1983. |
| 300 ## - PHYSICAL DESCRIPTION |
| Extent |
198 p. |
| Dimensions |
17 cm. |
| 365 ## - TRADE PRICE |
| Price amount |
1.75 usd |
| 500 ## - GENERAL NOTE |
| General note |
Sequel to: Subspace explorers. |
| 650 #0 - SUBJECT ADDED ENTRY--TOPICAL TERM |
| 9 (RLIN) |
254 |
| Topical term or geographic name entry element |
English literature |
| 653 ## - INDEX TERM--UNCONTROLLED |
| Uncontrolled term |
ინგლისური ლიტერატურა |
| 655 #7 - INDEX TERM--GENRE/FORM |
| Genre/form data or focus term |
Science fiction. |
| Source of term |
gsafd |
| 700 1# - ADDED ENTRY--PERSONAL NAME |
| Personal name |
Eshbach, Lloyd Arthur, |
| Dates associated with a name |
1910-2003. |
| 710 2# - ADDED ENTRY--CORPORATE NAME |
| Corporate name or jurisdiction name as entry element |
Copyright Paperback Collection (Library of Congress) |
| Institution to which field applies |
DLC |
| 906 ## - LOCAL DATA ELEMENT F, LDF (RLIN) |
| a |
7 |
| b |
cbc |
| c |
copycat |
| d |
2 |
| e |
ncip |
| f |
20 |
| g |
y-genrareb |
| 942 ## - ADDED ENTRY ELEMENTS (KOHA) |
| Source of classification or shelving scheme |
|
| Koha item type |
Books |